[Event "OLNO 2223 SC Rotation Pankow - SK Köni"]
[Site "?"]
[Date "2022.11.27"]
[Round "2.1"]
[White "Acikel, Mert"]
[Black "Szelag, Marcin"]
[Result "1/2-1/2"]
[WhiteElo "2230"]
[BlackElo "2400"]
[PlyCount "78"]
[EventDate "2022.??.??"]

1. e4 e6 2. d4 d5 3. Nd2 c5 4. Ngf3 Nc6 5. exd5 exd5 6. Bb5 Bd6 7. dxc5 Bxc5 8. O-O Nge7 9. Nb3 Bd6 10. Re1 O-O 11. Bd3 h6 12. h3 Nf5 13. c3 Qf6 14. Bc2 Be6 15. Qd3 Rfe8 16. Be3 Nxe3 17. Qh7+ Kf8 18. Rxe3 Bf4 19. Re2 g5 20. Nc5 Re7 21. Rae1 Rae8 22. Qd3 Bd6 23. Nb3 g4 24. hxg4 Bxg4 25. Rxe7 Rxe7 26. Rxe7 Nxe7 27. Qd4 Qxd4 28. Nbxd4 Kg7 29. Bb3 Kf6 30. Kf1 h5 31. Ne1 a6 32. Nd3 h4 33. f3 Bd7 34. Ke2 Kg5 35. Ke3 Be6 36. a3 Ng6 37. Ne2 Ne7 38. Nd4 Ng6 39. Ne2 Ne7 1/2-1/2

[Event "OLNO 2223 SC Rotation Pankow - SK Köni"]
[Site "?"]
[Date "2022.11.27"]
[Round "2.2"]
[White "Tomczak, Rafal"]
[Black "Giemsa, Stephan"]
[Result "1-0"]
[WhiteElo "2297"]
[BlackElo "2245"]
[PlyCount "93"]
[EventDate "2022.??.??"]

1. e4 e6 2. d4 d5 3. exd5 exd5 4. Bd3 Nc6 5. c3 Bd6 6. Ne2 Qf6 7. Ng3 g6 8. Be3 Nge7 9. Nd2 h5 10. Qb3 h4 11. Nge4 dxe4 12. Nxe4 Qg7 13. d5 Ne5 14. Bb5+ Kf8 15. Bg5 Ng4 16. O-O-O f6 17. Bd2 Bf5 18. Nxd6 cxd6 19. Rhf1 Qf7 20. h3 Ne5 21. Be3 Kg7 22. f4 Nd7 23. Bxd7 Bxd7 24. Qxb7 Nf5 25. Bf2 Rhb8 26. Qc7 Bb5 27. Qxf7+ Kxf7 28. Rfe1 Re8 29. b3 a6 30. c4 Bd7 31. Kd2 Rxe1 32. Rxe1 Re8 33. Rxe8 Bxe8 34. Kc3 Bd7 35. Kb4 Ke7 36. Ka5 Bc8 37. Kb6 Kd7 38. b4 g5 39. fxg5 fxg5 40. a4 Ng3 41. a5 Ne4 42. Be3 Nc3 43. Bxg5 Na4+ 44. Ka7 Nb2 45. c5 dxc5 46. bxc5 Nc4 47. Kb8 1-0

[Event "OLNO 2223 SC Rotation Pankow - SK Köni"]
[Site "?"]
[Date "2022.11.27"]
[Round "2.3"]
[White "Anibar, Ahmed"]
[Black "Neumeier, Lars"]
[Result "1-0"]
[WhiteElo "2274"]
[BlackElo "2307"]
[PlyCount "55"]
[EventDate "2022.??.??"]

1. e4 c5 2. Nf3 d6 3. d4 cxd4 4. Qxd4 Nc6 5. Qe3 g6 6. c4 Nf6 7. h3 Bg7 8. Be2 O-O 9. O-O Nd7 10. Nc3 Nde5 11. Rd1 Nxf3+ 12. Bxf3 Qa5 13. Nb5 Be6 14. Bd2 Qd8 15. Bc3 Bxc4 16. Bxg7 Kxg7 17. Nd4 Ne5 18. Bg4 Qb6 19. b3 Ba6 20. Qg5 Rae8 21. Nf5+ Kh8 22. Ne3 Bd3 23. Nd5 Qd8 24. Qe3 Ba6 25. Qc3 Kg8 26. Nc7 f5 27. exf5 Nxg4 28. Ne6 1-0

[Event "OLNO 2223 SC Rotation Pankow - SK Köni"]
[Site "?"]
[Date "2022.11.27"]
[Round "2.5"]
[White "Niehaus, Frank"]
[Black "Seils, Joerg"]
[Result "0-1"]
[WhiteElo "2093"]
[BlackElo "2322"]
[PlyCount "56"]
[EventDate "2022.??.??"]

1. e4 d5 2. exd5 Qxd5 3. Nc3 Qa5 4. d4 c6 5. Bc4 Bf5 6. Bd2 Nf6 7. Qe2 e6 8. d5 cxd5 9. Nxd5 Qd8 10. Nxf6+ Qxf6 11. O-O-O Nc6 12. g4 Bg6 13. h4 O-O-O 14. Nf3 Bd6 15. Bb3 h5 16. g5 Qf5 17. Kb1 Kb8 18. Be3 Qe4 19. Nd2 Qb4 20. a3 Qg4 21. f3 Qf5 22. Ne4 Bf4 23. Bxf4+ Qxf4 24. Nc5 Qc7 25. Rxd8+ Rxd8 26. Rd1 Nd4 27. Qc4 e5 28. Ka2 Rc8 0-1

[Event "OLNO 2223 SC Rotation Pankow - SK Köni"]
[Site "?"]
[Date "2022.11.27"]
[Round "2.6"]
[White "Bruchmann, Stephan"]
[Black "Kachibadze, Georg"]
[Result "1/2-1/2"]
[WhiteElo "2217"]
[BlackElo "2269"]
[PlyCount "20"]
[EventDate "2022.??.??"]

1. e4 c5 2. Nf3 Nc6 3. Bb5 d6 4. d4 cxd4 5. Qxd4 Bd7 6. Bxc6 Bxc6 7. Nc3 Nf6 8. Bg5 e6 9. O-O-O Be7 10. Qd3 Qa5 1/2-1/2

[Event "OLNO 2223 SC Rotation Pankow - SK Köni"]
[Site "?"]
[Date "2022.11.27"]
[Round "2.7"]
[White "Rath, Alina"]
[Black "Mueller, Michael"]
[Result "0-1"]
[WhiteElo "2080"]
[BlackElo "2233"]
[PlyCount "140"]
[EventDate "2022.??.??"]

1. c4 Nf6 2. Nc3 d5 3. cxd5 Nxd5 4. g3 e6 5. Bg2 Be7 6. Nf3 O-O 7. O-O Nd7 8. d4 b6 9. e4 Nxc3 10. bxc3 Bb7 11. Re1 c5 12. Bb2 b5 13. Qe2 c4 14. Rad1 Qa5 15. Ba1 Rfe8 16. Qc2 Rac8 17. d5 Rcd8 18. d6 Bf6 19. Nd4 e5 20. Nf5 Nc5 21. Re2 Nd3 22. Rxd3 cxd3 23. Qxd3 Bc8 24. Qd5 Be6 25. Qc6 Qb6 26. Qxb6 axb6 27. Rd2 Rd7 28. Bf1 Bxf5 29. exf5 Red8 30. Rb2 Rxd6 31. Rxb5 Ra8 32. Bb2 Rxa2 33. Bc4 Ra5 34. Rb3 e4 35. Ba3 Rc6 36. Bb4 Rxf5 37. Ba6 Re5 38. c4 h6 39. Bb5 Rc8 40. Bd6 Rh5 41. Re3 Be5 42. Be7 Bb8 43. Rxe4 Re5 44. Rxe5 Bxe5 45. Bb4 Ra8 46. Kg2 Ra2 47. Bc6 Bd4 48. Be1 g6 49. g4 Kg7 50. h4 Kf6 51. Kf3 Ke5 52. Be8 f5 53. g5 hxg5 54. hxg5 Rc2 55. Bf7 Bc3 56. Bxc3+ Rxc3+ 57. Ke2 Kf4 58. Kd2 Ra3 59. Bxg6 Ra2+ 60. Ke1 Kxg5 61. Bf7 f4 62. Bd5 Kg4 63. Be6+ Kh4 64. Bd5 Kh3 65. Kf1 Rb2 66. Be4 Kh2 67. Bc6 Rb3 68. Ke2 Kg1 69. f3 Re3+ 70. Kd2 Kf2 0-1

[Event "OLNO 2223 SC Rotation Pankow - SK Köni"]
[Site "?"]
[Date "2022.11.27"]
[Round "2.8"]
[White "Guth, Thomas"]
[Black "Jahnz, Laurin"]
[Result "1-0"]
[WhiteElo "2223"]
[BlackElo "1756"]
[PlyCount "77"]
[EventDate "2022.??.??"]

1. e4 c6 2. b3 d5 3. exd5 cxd5 4. Bb2 Bf5 5. Nf3 Nf6 6. Bb5+ Bd7 7. Be2 Nc6 8. O-O e6 9. Re1 Bd6 10. d4 O-O 11. a3 a5 12. Bd3 Nh5 13. c4 Nf4 14. Bf1 f5 15. Nc3 Ne7 16. g3 Nfg6 17. Ng5 Rf6 18. Bg2 h6 19. Nf3 Bc6 20. Ne5 dxc4 21. Nxc6 bxc6 22. bxc4 Rb8 23. Ra2 e5 24. c5 Bc7 25. d5 cxd5 26. Nxd5 Nxd5 27. Qxd5+ Qxd5 28. Bxd5+ Kf8 29. f4 Re8 30. Bc3 Ra6 31. fxe5 Ne7 32. Bc4 Ra7 33. Rf2 g5 34. Be6 Kg7 35. Bxf5 Nd5 36. Bd4 Bb8 37. c6 Rc7 38. Bd7 Rd8 39. e6+ 1-0

[Event "OLNO 2223 Greifswalder SV - SAV Torgelo"]
[Site "?"]
[Date "2022.11.27"]
[Round "2.1"]
[White "Grossmann, Piet"]
[Black "Stubbe, Wilko"]
[Result "1-0"]
[WhiteElo "1977"]
[BlackElo "2209"]
[PlyCount "73"]
[EventDate "2022.??.??"]

1. e4 e6 2. d4 d5 3. Nc3 Nf6 4. e5 Nfd7 5. f4 c5 6. Nf3 Nc6 7. Be3 Qb6 8. Na4 Qa5+ 9. c3 cxd4 10. b4 Nxb4 11. cxb4 Bxb4+ 12. Bd2 Bxd2+ 13. Nxd2 b5 14. Nb2 f6 15. exf6 Nxf6 16. Bd3 O-O 17. O-O Bd7 18. Qe2 Rac8 19. Nf3 Qc3 20. Ne5 Be8 21. Rab1 a6 22. Nd1 Qa3 23. Nf2 Rc3 24. Rbd1 Bh5 25. g4 Be8 26. Nf3 Bg6 27. Qxe6+ Kh8 28. Ne5 Re8 29. Qb6 Bxd3 30. Nfxd3 Ne4 31. Qxd4 Qxa2 32. Nb4 Qa3 33. Qxd5 Nf6 34. Nf7+ Kg8 35. Nh6+ Kh8 36. Qg8+ Nxg8 37. Nf7# 1-0

[Event "OLNO 2223 Greifswalder SV - SAV Torgelo"]
[Site "?"]
[Date "2022.11.27"]
[Round "2.2"]
[White "Leisner, Hannes"]
[Black "Schmekel, Florian"]
[Result "1/2-1/2"]
[WhiteElo "2173"]
[BlackElo "2090"]
[PlyCount "71"]
[EventDate "2022.??.??"]

1. c4 c5 2. g3 g6 3. Bg2 Bg7 4. Nc3 Nc6 5. d3 e6 6. e4 Nge7 7. h4 h5 8. Nge2 d6 9. a3 a5 10. Bg5 f6 11. Be3 e5 12. Rb1 Nd4 13. O-O Nec6 14. Nd5 g5 15. Bxd4 Nxd4 16. Nxd4 cxd4 17. Bf3 gxh4 18. Bxh5+ Kf8 19. Bg4 f5 20. Bxf5 Bxf5 21. Qf3 Rh6 22. Qxf5+ Kg8 23. g4 b6 24. f4 Ra7 25. fxe5 Bxe5 26. Kh1 Rg7 27. Rf3 Rhg6 28. Rg1 Qe8 29. Qh5 Rh7 30. Rf8+ Qxf8 31. Qxg6+ Kh8 32. Qf5 Rf7 33. Qh5+ Rh7 34. Qf5 Rf7 35. Qh5+ Rh7 36. Qf5 1/2-1/2

[Event "OLNO 2223 Greifswalder SV - SAV Torgelo"]
[Site "?"]
[Date "2022.11.27"]
[Round "2.3"]
[White "Korbal, Arkadiusz"]
[Black "Stopsack, Malte"]
[Result "1-0"]
[WhiteElo "2051"]
[BlackElo "2213"]
[PlyCount "61"]
[EventDate "2022.??.??"]

1. d4 Nf6 2. c4 g6 3. Nc3 Bg7 4. e4 d6 5. Nge2 O-O 6. g3 Nc6 7. Bg2 e5 8. d5 Nd4 9. O-O c5 10. dxc6 bxc6 11. Nxd4 exd4 12. Qxd4 Nd5 13. Qd3 Nxc3 14. bxc3 Qa5 15. Bf4 Bxc3 16. Bxd6 Bxa1 17. Bxf8 Qxa2 18. Bh6 Be6 19. Rd1 Bf6 20. e5 Be7 21. Bxc6 Rb8 22. Bd5 Bg4 23. e6 f6 24. Re1 Qa5 25. Bd2 Qb6 26. Bf4 Rd8 27. Rb1 Qa6 28. Qd4 Bf5 29. Ra1 Qc8 30. Rxa7 Kf8 31. Rxe7 1-0

[Event "OLNO 2223 Greifswalder SV - SAV Torgelo"]
[Site "?"]
[Date "2022.11.27"]
[Round "2.4"]
[White "Woll, Wilfried"]
[Black "Zentgraf, Robert"]
[Result "1/2-1/2"]
[WhiteElo "2017"]
[BlackElo "2171"]
[PlyCount "21"]
[EventDate "2022.??.??"]

1. c4 e5 2. g3 Nf6 3. Bg2 Nc6 4. Nf3 d5 5. cxd5 Nxd5 6. O-O Bc5 7. Nxe5 Nxe5 8. d4 Nb4 9. dxc5 Qxd1 10. Rxd1 Nc2 11. Na3 1/2-1/2

[Event "OLNO 2223 Greifswalder SV - SAV Torgelo"]
[Site "?"]
[Date "2022.11.27"]
[Round "2.5"]
[White "Bauer, Norbert"]
[Black "Hertel, Johannes"]
[Result "0-1"]
[WhiteElo "2048"]
[BlackElo "1993"]
[PlyCount "82"]
[EventDate "2022.??.??"]

1. d4 Nf6 2. c4 e6 3. Nc3 Bb4 4. a3 Bxc3+ 5. bxc3 c5 6. e3 O-O 7. Bd3 Nc6 8. Ne2 b6 9. O-O Ba6 10. e4 Ne8 11. f4 f5 12. d5 Na5 13. e5 Bxc4 14. Bxc4 Nxc4 15. d6 g6 16. Qd3 Na5 17. c4 h6 18. Bd2 Nc6 19. Rab1 Ng7 20. Rb3 Rb8 21. Rfb1 Kh7 22. Kh1 Nh5 23. Qe3 Rg8 24. a4 g5 25. g3 gxf4 26. gxf4 Rg4 27. a5 Nd4 28. Nxd4 cxd4 29. Qf2 Qc8 30. Qf3 Qxc4 31. Rc1 Rbg8 32. Qxg4 Qxc1+ 33. Bxc1 Rxg4 34. axb6 axb6 35. Rxb6 Nxf4 36. Bxf4 Rxf4 37. Kg2 Re4 38. Rb7 Rxe5 39. Rxd7+ Kg6 40. Re7 Kf6 41. Rh7 Rd5 0-1

[Event "OLNO 2223 Greifswalder SV - SAV Torgelo"]
[Site "?"]
[Date "2022.11.27"]
[Round "2.6"]
[White "Kalhorn, Stefan"]
[Black "Herrmann, Jakob"]
[Result "1/2-1/2"]
[WhiteElo "2118"]
[BlackElo "1918"]
[PlyCount "65"]
[EventDate "2022.??.??"]

1. d4 Nf6 2. Nf3 g6 3. g3 Bg7 4. Bg2 O-O 5. O-O d6 6. b3 c5 7. c4 Nc6 8. Bb2 Bd7 9. d5 Na5 10. Nbd2 b5 11. Qc2 Rb8 12. Bc3 Bc8 13. e4 bxc4 14. bxc4 Nd7 15. Rab1 Bxc3 16. Qxc3 e5 17. dxe6 fxe6 18. Rxb8 Nxb8 19. e5 Nbc6 20. exd6 Qxd6 21. Ne4 Qe7 22. Rc1 e5 23. Qa3 Bf5 24. Nfd2 Rd8 25. Nb3 Nxb3 26. axb3 Nd4 27. Nc3 Rb8 28. Nd5 Qd6 29. Rd1 a6 30. f4 Nxb3 31. fxe5 Qxe5 32. Qxa6 Rf8 33. Qb7 1/2-1/2

[Event "OLNO 2223 Greifswalder SV - SAV Torgelo"]
[Site "?"]
[Date "2022.11.27"]
[Round "2.7"]
[White "Onasch, Paul"]
[Black "Lange, Jannis"]
[Result "0-1"]
[WhiteElo "2026"]
[BlackElo "2086"]
[PlyCount "74"]
[EventDate "2022.??.??"]

1. d4 Nf6 2. Nf3 g6 3. Nbd2 d5 4. e3 Bg7 5. Bd3 c5 6. c4 O-O 7. O-O cxd4 8. exd4 Nc6 9. c5 Bg4 10. h3 Bf5 11. Bxf5 gxf5 12. Nb3 Ne4 13. Bf4 e6 14. Qd3 a6 15. a3 Kh8 16. Nbd2 Rg8 17. b4 f6 18. Nb3 Qf8 19. Nfd2 Bh6 20. Bxh6 Qxh6 21. Kh2 Rg7 22. Nxe4 fxe4 23. Qe3 Qg6 24. g3 Rf8 25. Ra2 e5 26. Rd2 f5 27. f4 exf3 28. Rxf3 f4 29. gxf4 exf4 30. Qf2 Nd8 31. Rd1 Nc6 32. h4 Rfg8 33. Nc1 Qe4 34. Nb3 Rg3 35. Rf1 Qf5 36. Kh1 Qh3+ 37. Qh2 Rxf3 0-1

[Event "OLNO 2223 Greifswalder SV - SAV Torgelo"]
[Site "?"]
[Date "2022.11.27"]
[Round "2.8"]
[White "Patzenhauer, Max"]
[Black "Ehlers, Michael"]
[Result "1-0"]
[WhiteElo "1990"]
[BlackElo "1936"]
[PlyCount "81"]
[EventDate "2022.??.??"]

1. d4 Nf6 2. Nf3 e6 3. e3 b6 4. Bd3 Bb7 5. Nbd2 c5 6. b3 cxd4 7. exd4 Nd5 8. O-O Nf4 9. Ne4 Nxd3 10. Qxd3 Ba6 11. c4 d5 12. Ned2 Be7 13. Bb2 O-O 14. Rfe1 Nd7 15. Qe3 Nf6 16. Ne5 Rc8 17. Rac1 dxc4 18. Ndxc4 Qd5 19. Qh3 Bb4 20. Red1 Rfd8 21. Ne3 Qb7 22. a3 Be7 23. Re1 Rxc1 24. Rxc1 Rc8 25. Rd1 Rc7 26. N5g4 Qe4 27. Qg3 Rc8 28. d5 Nxg4 29. Nxg4 Qg6 30. d6 Be2 31. dxe7 Bxd1 32. Qc7 Re8 33. Qd7 f5 34. Ne5 Qh5 35. Qxe6+ Kh8 36. Nf7+ Kg8 37. Nh6+ Kh8 38. Nf7+ Kg8 39. Nd6+ Kh8 40. Nxf5 Rxe7 41. Qxe7 1-0

[Event "OLNO 2223 SC Kreuzberg - SC Empor Potsd"]
[Site "?"]
[Date "2022.11.27"]
[Round "2.1"]
[White "Penzold, Andreas"]
[Black "Glantz, Robert"]
[Result "0-1"]
[WhiteElo "2368"]
[BlackElo "2331"]
[PlyCount "90"]
[EventDate "2022.??.??"]

1. c4 d6 2. d4 e5 3. Nf3 e4 4. Ng5 f5 5. Nc3 Nf6 6. Nh3 Be7 7. Bg5 O-O 8. e3 c6 9. Nf4 Na6 10. Be2 Nc7 11. Qb3 Rb8 12. h4 Ne6 13. c5 d5 14. Nxe6 Bxe6 15. Bf4 Bf7 16. Bxb8 Qxb8 17. g3 Qc7 18. O-O-O b6 19. cxb6 axb6 20. Kb1 Ra8 21. Rc1 Qa7 22. a3 h5 23. Na2 c5 24. Bb5 c4 25. Qc3 Be8 26. Bxe8 Nxe8 27. Nb4 Qb7 28. Kc2 Nc7 29. Kd1 Nb5 30. Qd2 c3 31. bxc3 Rxa3 32. Qb2 Qa8 33. Kd2 Nd6 34. Ke2 Nc4 35. Qb1 f4 36. gxf4 Bxb4 37. cxb4 Qc8 38. Rhg1 Qa6 39. b5 Qa4 40. Rgd1 Rb3 41. Qa1 Ra3 42. Qb1 Rb3 43. Qa1 Qxb5 44. Qa8+ Kh7 45. Ke1 Nxe3 0-1

[Event "OLNO 2223 SC Kreuzberg - SC Empor Potsd"]
[Site "?"]
[Date "2022.11.27"]
[Round "2.2"]
[White "Strache, Michael"]
[Black "Tschernatsch, Johannes"]
[Result "1-0"]
[WhiteElo "2276"]
[BlackElo "2288"]
[PlyCount "67"]
[EventDate "2022.??.??"]

1. e4 c5 2. c3 Nf6 3. e5 Nd5 4. Nf3 Nc6 5. Bc4 Nb6 6. Bb3 c4 7. Bc2 d5 8. exd6 Qxd6 9. O-O Bg4 10. h3 Bh5 11. Re1 O-O-O 12. a4 e5 13. a5 Nd5 14. a6 b5 15. b3 Nf4 16. bxc4 bxc4 17. Bf5+ Kc7 18. Na3 Qf6 19. Nb5+ Kb8 20. Be4 Bc5 21. Rb1 Bb6 22. Na3 Bg6 23. d4 cxd3 24. Bxf4 exf4 25. Bxg6 hxg6 26. Nc4 Kc7 27. Nxb6 axb6 28. Qb3 Na5 29. Qb4 Rd7 30. Nd4 f3 31. Ne6+ Kb8 32. Qxa5 Ka8 33. Qxb6 Rc8 34. Qb5 1-0

[Event "OLNO 2223 SC Kreuzberg - SC Empor Potsd"]
[Site "?"]
[Date "2022.11.27"]
[Round "2.3"]
[White "Tiarks, Jann-Christian"]
[Black "Maetzkow, Maximilian Paul"]
[Result "1/2-1/2"]
[WhiteElo "2195"]
[BlackElo "2283"]
[PlyCount "41"]
[EventDate "2022.??.??"]

1. e4 c5 2. Nf3 d6 3. d4 cxd4 4. Qxd4 Nc6 5. Bb5 Bd7 6. Bxc6 Bxc6 7. Nc3 Nf6 8. Bg5 Qb6 9. Qxb6 axb6 10. Bxf6 gxf6 11. Nd4 e6 12. O-O Rg8 13. Rfe1 Ra5 14. g3 Be7 15. a4 Rc5 16. Nb3 Rh5 17. a5 bxa5 18. Nxa5 Kd7 19. Nxc6 Kxc6 20. Ne2 Kc7 21. Nd4 1/2-1/2

[Event "OLNO 2223 SC Kreuzberg - SC Empor Potsd"]
[Site "?"]
[Date "2022.11.27"]
[Round "2.5"]
[White "Trenner, Rolf"]
[Black "Dathe, Frederick"]
[Result "0-1"]
[WhiteElo "2151"]
[BlackElo "2077"]
[PlyCount "128"]
[EventDate "2022.??.??"]

1. d4 Nf6 2. c4 c5 3. Nf3 cxd4 4. Nxd4 g6 5. g3 Bg7 6. Bg2 O-O 7. O-O Nc6 8. Nc3 Nxd4 9. Qxd4 d6 10. Qd2 Rb8 11. b3 a6 12. Bb2 Be6 13. Rfd1 b5 14. cxb5 axb5 15. Rac1 Qb6 16. Rc2 b4 17. Nd5 Nxd5 18. Bxg7 Kxg7 19. Bxd5 Bxd5 20. Qxd5 Rfc8 21. Rdc1 Rxc2 22. Rxc2 e6 23. Qe4 Qa7 24. e3 Rb5 25. Rd2 Qc5 26. Qd3 Rb6 27. Rc2 Qe5 28. f4 Qa1+ 29. Kg2 d5 30. e4 dxe4 31. Qxe4 Rb5 32. Qc4 Rb8 33. Qe4 h5 34. Rd2 Qc3 35. Rc2 Qa1 36. Rd2 Kg8 37. Qd4 Qe1 38. Qf2 Qe4+ 39. Qf3 Qb1 40. Qd3 Qe1 41. Re2 Qa1 42. Qd6 Rb5 43. Qa6 Rc5 44. Rxe6 Rc1 45. Re2 Rg1+ 46. Kf3 Qf1+ 47. Ke3 Qc1+ 48. Ke4 h4 49. Qd3 Qc6+ 50. Qd5 Qf6 51. Kf3 hxg3 52. hxg3 Qc3+ 53. Re3 Rxg3+ 54. Kxg3 Qxe3+ 55. Kg4 Qe6+ 56. Qxe6 fxe6 57. Kf3 Kf7 58. Ke3 Kf6 59. Ke4 e5 60. fxe5+ Ke6 61. Kd4 g5 62. Ke4 g4 63. Kf4 g3 64. Kxg3 Kxe5 0-1

[Event "OLNO 2223 SC Kreuzberg - SC Empor Potsd"]
[Site "?"]
[Date "2022.11.27"]
[Round "2.6"]
[White "Moritz, Aron"]
[Black "Bachmann, Volker"]
[Result "1-0"]
[WhiteElo "2215"]
[BlackElo "2099"]
[PlyCount "59"]
[EventDate "2022.??.??"]

1. c4 f5 2. Nf3 Nf6 3. g3 g6 4. Bg2 Bg7 5. O-O O-O 6. Nc3 d6 7. d4 Nc6 8. d5 Ne5 9. Nxe5 dxe5 10. Qb3 e6 11. Rd1 Qe7 12. Bd2 Rd8 13. Rac1 e4 14. Bf4 e5 15. Bg5 Kh8 16. c5 Qf7 17. e3 h6 18. Bxf6 Bxf6 19. Bf1 b6 20. Bc4 Qg7 21. d6 cxd6 22. cxd6 Bb7 23. Nb5 Qf8 24. Nc7 Rxd6 25. Rxd6 Qxd6 26. Nxa8 Bxa8 27. Bf7 Kh7 28. Bg8+ Kh8 29. Rc8 Bb7 30. Bh7+ 1-0

[Event "OLNO 2223 SC Kreuzberg - SC Empor Potsd"]
[Site "?"]
[Date "2022.11.27"]
[Round "2.7"]
[White "Piersig, Hans-Juergen"]
[Black "Dubessay, Bastien"]
[Result "1/2-1/2"]
[WhiteElo "2097"]
[BlackElo "2315"]
[PlyCount "71"]
[EventDate "2022.??.??"]

1. e4 e6 2. d4 d5 3. Nc3 Bb4 4. e5 c5 5. a3 Bxc3+ 6. bxc3 Ne7 7. Qg4 Qc7 8. Qxg7 Rg8 9. Qxh7 cxd4 10. Ne2 Nbc6 11. f4 dxc3 12. Qd3 d4 13. Ng3 Bd7 14. Ne4 O-O-O 15. Nd6+ Kb8 16. Rb1 b6 17. Nxf7 Rdf8 18. Nd6 Nf5 19. Nxf5 exf5 20. g3 Be6 21. Bg2 Rd8 22. a4 Ne7 23. Ba3 Bc4 24. Qf3 Bd5 25. Qf2 Qc6 26. O-O Bxg2 27. Qxg2 Qxg2+ 28. Kxg2 Nd5 29. Bd6+ Kb7 30. Kf3 Ne3 31. Rf2 Kc6 32. Rb4 Kd5 33. Rb5+ Kc4 34. Rb4+ Kd5 35. Rb5+ Kc6 36. Rb4 1/2-1/2

[Event "OLNO 2223 SC Kreuzberg - SC Empor Potsd"]
[Site "?"]
[Date "2022.11.27"]
[Round "2.8"]
[White "Lehmann, Klaus"]
[Black "Marwitz, Tino"]
[Result "1-0"]
[WhiteElo "2214"]
[BlackElo "1983"]
[PlyCount "93"]
[EventDate "2022.??.??"]

1. e4 c5 2. Nf3 e6 3. c3 Nf6 4. e5 Nd5 5. g3 Nc6 6. Bg2 d6 7. exd6 Bxd6 8. d4 cxd4 9. Nxd4 Nxd4 10. Qxd4 Qf6 11. Qxf6 Nxf6 12. O-O O-O 13. Rd1 Bc5 14. h3 h6 15. c4 e5 16. Be3 Bxe3 17. fxe3 Be6 18. b3 Rad8 19. Nc3 b6 20. Kh2 Bf5 21. Nd5 Nxd5 22. cxd5 Rd6 23. e4 Bd7 24. Rac1 f5 25. exf5 Rxf5 26. Rd2 a5 27. Re2 Bb5 28. Rc8+ Kf7 29. Rc7+ Kf6 30. Rec2 Rd7 31. Rc8 Ke7 32. Rb8 Rf6 33. Be4 a4 34. bxa4 Bxa4 35. Rb2 Rdd6 36. Rb7+ Rd7 37. R7xb6 Rxb6 38. Rxb6 Bd1 39. Re6+ Kf8 40. Bg6 Re7 41. Ra6 Rb7 42. d6 Rb2+ 43. Kg1 Bf3 44. Ra7 Bd5 45. Re7 Bc6 46. Rf7+ Kg8 47. Rc7 1-0

[Event "OLNO 2223 SV Empor Berlin - TSG Obersch"]
[Site "?"]
[Date "2022.12.11"]
[Round "3.2"]
[White "Thinius, Marco"]
[Black "Schoewel, Matthias"]
[Result "1/2-1/2"]
[WhiteElo "2350"]
[BlackElo "2223"]
[PlyCount "36"]
[EventDate "2022.??.??"]

1. e4 e5 2. Nf3 Nc6 3. Bb5 d6 4. d4 Bd7 5. Nc3 Nf6 6. Bxc6 Bxc6 7. Qd3 exd4 8. Nxd4 Be7 9. Bg5 O-O 10. Nf5 Kh8 11. Qd4 Qd7 12. O-O-O Bd8 13. h4 Qe6 14. f4 Rg8 15. Rde1 Nxe4 16. Nh6 Re8 17. f5 Bf6 18. fxe6 Bxd4 1/2-1/2

[Event "OLNO 2223 SV Empor Berlin - TSG Obersch"]
[Site "?"]
[Date "2022.12.11"]
[Round "3.4"]
[White "Urban, Julian"]
[Black "Raitza, Olaf"]
[Result "1/2-1/2"]
[WhiteElo "2237"]
[BlackElo "2184"]
[PlyCount "91"]
[EventDate "2022.??.??"]

1. b3 e5 2. Bb2 Nc6 3. e3 Nf6 4. c4 d5 5. cxd5 Nxd5 6. a3 Be7 7. d3 Bf6 8. Nd2 O-O 9. Ngf3 Nb6 10. Qc2 Bf5 11. Ne4 Nd7 12. Be2 Re8 13. O-O Be7 14. Rac1 Bg6 15. Rfd1 f5 16. Ng3 Bd6 17. Qc4+ Bf7 18. Qc3 Qf6 19. Nd2 Ne7 20. Bf3 c6 21. Nc4 Bc7 22. e4 f4 23. Ne2 b5 24. Nd2 Bb6 25. Bg4 Rad8 26. Nf3 Nc5 27. Nxe5 Nxb3 28. Nxf7 Nxc1 29. Qxc1 Qxf7 30. Qc3 Ng6 31. Bf5 f3 32. gxf3 Ne5 33. f4 Nf3+ 34. Kh1 Nd4 35. Rg1 Re7 36. Ng3 Nf3 37. Qxc6 Nxg1 38. Kxg1 Bd4 39. Bxd4 Rxd4 40. Qxb5 g6 41. Bh3 Rb7 42. Qe5 Qg7 43. Qe8+ Qf8 44. Qe5 Qg7 45. Qe8+ Qf8 46. Qe5 1/2-1/2

[Event "OLNO 2223 SV Empor Berlin - TSG Obersch"]
[Site "?"]
[Date "2022.12.11"]
[Round "3.5"]
[White "Hommel, Niclas"]
[Black "Nitsche-Hahn, Raphael"]
[Result "1/2-1/2"]
[WhiteElo "2002"]
[BlackElo "2117"]
[PlyCount "119"]
[EventDate "2022.??.??"]

1. e4 c5 2. Nf3 Nc6 3. d4 cxd4 4. Nxd4 g6 5. c4 Nf6 6. Nc3 d6 7. Be2 Nxd4 8. Qxd4 Bg7 9. Be3 O-O 10. Qd2 a5 11. O-O a4 12. f3 Qa5 13. Rfd1 Be6 14. Rac1 Rfc8 15. Nb5 Nd7 16. Bf1 Nc5 17. Qf2 Bd7 18. Nd4 Ne6 19. Kh1 Nxd4 20. Bxd4 Bxd4 21. Qxd4 Rc5 22. f4 Rac8 23. e5 Bg4 24. Re1 d5 25. b3 Be6 26. Rb1 axb3 27. axb3 Qb4 28. Red1 Bg4 29. Qd2 Qa3 30. Ra1 Qxb3 31. Rdb1 dxc4 32. Rxb3 cxb3 33. Qb2 Be6 34. Bd3 Rd8 35. Rd1 Bg4 36. Rd2 Rcd5 37. Qxb3 Bf5 38. Qxb7 Rxd3 39. Rxd3 Rxd3 40. Kg1 e6 41. Kf2 h5 42. Ke2 Rd4 43. Qc8+ Kg7 44. Ke3 Rd3+ 45. Kf2 h4 46. Ke2 Rd4 47. Qc1 h3 48. gxh3 Rd3 49. h4 Rh3 50. Qe1 Rxh2+ 51. Ke3 Ra2 52. Qb4 Ra7 53. Kd4 Rd7+ 54. Kc5 Rd5+ 55. Kc6 Rd1 56. Qe7 Be4+ 57. Kc7 Rc1+ 58. Kb6 Rd1 59. Qg5 Kf8 60. Qh6+ 1/2-1/2

[Event "OLNO 2223 SV Empor Berlin - TSG Obersch"]
[Site "?"]
[Date "2022.12.11"]
[Round "3.6"]
[White "Atkinson, Paul"]
[Black "Meyer-Dunker, Paul"]
[Result "0-1"]
[WhiteElo "2045"]
[BlackElo "2128"]
[PlyCount "108"]
[EventDate "2022.??.??"]

1. Nf3 d5 2. d4 Nf6 3. e3 e6 4. Bd3 c5 5. b3 cxd4 6. exd4 Nc6 7. O-O Bd6 8. Bb2 Nb4 9. Be2 Qc7 10. a3 Nc6 11. Bd3 Ne4 12. Nc3 Nxc3 13. Bxc3 Bd7 14. Bb2 f6 15. c4 dxc4 16. bxc4 O-O-O 17. d5 Ne5 18. Nxe5 Bxe5 19. Bxe5 Qxe5 20. Re1 Qd6 21. Qf3 exd5 22. cxd5 Kb8 23. a4 Rhe8 24. a5 Rxe1+ 25. Rxe1 Qb4 26. Qg3+ Ka8 27. Rb1 Qxa5 28. Be4 Re8 29. Qb3 b6 30. Bd3 Re1+ 31. Rxe1 Qxe1+ 32. Bf1 a6 33. d6 Bb5 34. Qg8+ Kb7 35. Qxg7+ Kc6 36. Qc7+ Kd5 37. h3 Qxf1+ 38. Kh2 Qc4 39. Qxb6 Qf4+ 40. g3 Qxd6 41. Qb7+ Kc5 42. Qxh7 Bc6 43. Qc2+ Kb6 44. Qb3+ Ka7 45. Qe3+ Kb7 46. Qb3+ Kc7 47. Qf7+ Kd8 48. Qg8+ Kd7 49. Qg7+ Qe7 50. Qg4+ Kc7 51. Qc4 Qe4 52. Qf7+ Kb6 53. Qb3+ Ka7 54. Qf7+ Bb7 0-1

[Event "OLNO 2223 SV Empor Berlin - TSG Obersch"]
[Site "?"]
[Date "2022.12.11"]
[Round "3.7"]
[White "Boewer, Roland"]
[Black "Jahn, Thomas"]
[Result "1-0"]
[WhiteElo "2162"]
[BlackElo "2149"]
[PlyCount "81"]
[EventDate "2022.??.??"]

1. e4 e5 2. Bc4 Nf6 3. d3 c6 4. Bb3 a5 5. c3 d5 6. exd5 Nxd5 7. Nf3 Qd6 8. Qe2 Nd7 9. d4 Be7 10. dxe5 Qg6 11. O-O O-O 12. Re1 Nc5 13. Bc2 Qh5 14. Nd4 Bg4 15. f3 Bd7 16. a3 Rfe8 17. f4 Bg4 18. Qf2 Bh4 19. g3 Bd8 20. Nd2 Bb6 21. Nc4 Ba7 22. Ne3 Nxe3 23. Bxe3 Nd7 24. Bd1 f6 25. Bxg4 Qxg4 26. Qf3 Qh3 27. g4 Qxf3 28. Nxf3 Bb8 29. Rad1 Re7 30. e6 Nf8 31. Rd8 Rxe6 32. Bc5 Rxe1+ 33. Nxe1 Ba7 34. Rxa8 Bxc5+ 35. Kg2 Be3 36. Kf3 Bg1 37. h3 Kf7 38. Rxa5 Ne6 39. Nd3 Nc7 40. Nf2 Nd5 41. Ra7 1-0

[Event "OLNO 2223 SV Empor Berlin - TSG Obersch"]
[Site "?"]
[Date "2022.12.11"]
[Round "3.8"]
[White "Staerk, Elisa"]
[Black "Nguyen, Phuc Nhat"]
[Result "0-1"]
[WhiteElo "1940"]
[BlackElo "1953"]
[PlyCount "82"]
[EventDate "2022.??.??"]

1. d4 d5 2. c4 c6 3. Nf3 e6 4. e3 Bd6 5. Bd3 f5 6. O-O Nf6 7. b3 Qe7 8. a4 O-O 9. Ba3 Bd7 10. Bxd6 Qxd6 11. c5 Qe7 12. Nc3 Be8 13. Ne5 Bh5 14. f3 Nbd7 15. Nxd7 Qxd7 16. Qc2 g5 17. Ne2 Kh8 18. Kh1 Rg8 19. Rae1 Bg6 20. b4 h5 21. b5 h4 22. Rb1 Qh7 23. Rb3 g4 24. f4 g3 25. h3 Ng4 26. Qd2 Nf2+ 27. Kg1 Bh5 28. bxc6 bxc6 29. Rfb1 Bg4 30. hxg4 Nxg4 31. Rb7 Qh6 32. R1b2 h3 33. Nxg3 Nf6 34. Nxf5 exf5 35. Qe1 Rxg2+ 36. Rxg2 hxg2 37. Kxg2 Rg8+ 38. Kf1 Qh1+ 39. Ke2 Rg2+ 40. Kd1 Rg1 41. Rb8+ Kg7 0-1